<?xml version="1.0" encoding="UTF-8"?><collection xmlns="info:lc/xmlns/marcxchange-v2"><record format="Unimarc" type="bibliographic"><leader>00582cam 02200217  04500</leader><controlfield tag="001">2058711</controlfield><controlfield tag="003">http://id.bnportugal.gov.pt/bib/porbase/2058711</controlfield><controlfield tag="005">20030513121900.0</controlfield><datafield ind1=" " ind2=" " tag="010"><subfield code="a">0-19-814395-8</subfield></datafield><datafield ind1=" " ind2=" " tag="035"><subfield code="3">87442</subfield></datafield><datafield ind1=" " ind2=" " tag="095"><subfield code="a">PTBN00414256</subfield></datafield><datafield ind1=" " ind2=" " tag="100"><subfield code="a">19910708e19901968k  y0pory0103    ba</subfield></datafield><datafield ind1="0" ind2=" " tag="101"><subfield code="a">eng</subfield></datafield><datafield ind1=" " ind2=" " tag="102"><subfield code="a">GB</subfield></datafield><datafield ind1="1" ind2=" " tag="200"><subfield code="a">Clouds</subfield></datafield><datafield ind1=" " ind2=" " tag="210"><subfield code="a">Oxford</subfield><subfield code="c">Clarendon Press</subfield><subfield code="d">repr. 1990</subfield></datafield><datafield ind1=" " ind2=" " tag="215"><subfield code="a">CXXVIII, 285 p.</subfield></datafield><datafield ind1=" " ind2=" " tag="675"><subfield code="a">875</subfield><subfield code="v">BN</subfield><subfield code="z">por</subfield><subfield code="3">288325</subfield></datafield><datafield ind1=" " ind2="0" tag="700"><subfield code="a">Aristófanes</subfield><subfield code="f">445?-385? a.C.</subfield><subfield code="3">22983</subfield></datafield><datafield ind1=" " ind2="1" tag="702"><subfield code="a">Dover</subfield><subfield code="b">Kenneth</subfield><subfield code="4">340</subfield><subfield code="3">254493</subfield></datafield><datafield ind1=" " ind2="0" tag="801"><subfield code="a">PT</subfield><subfield code="b">BN</subfield><subfield code="g">RPC</subfield></datafield><datafield ind1=" " ind2=" " tag="977"><subfield code="1">LC-40/3-AR10-9</subfield><subfield code="2">coop</subfield><subfield code="4">UAVSD</subfield><subfield code="6">mq628757</subfield><subfield code="7">bc</subfield><subfield code="8">coop</subfield><subfield code="9">UAVSD</subfield><subfield code="b">62782</subfield><subfield code="k">0</subfield></datafield><datafield ind1=" " ind2=" " tag="998"><subfield code="a">UAV12-236</subfield></datafield></record></collection>